000 00708nam a2200289Ia 4500
005 20260324113211.0
008 008 260324s9999 xx 000 0 eng d
020 _a9781003409427
037 _aEBOOK
040 _aCRL
040 _beng
040 _cCRL
041 _2eng
041 _aeng
084 _qCRL
100 _aDan Schill; John Allen Hendricks
_91145823
245 0 _aSocial Media Politics
245 0 _bDigital Discord in the 2020 Presidential Election
260 _bTaylor and Francis
260 _c2024
365 _a
365 _b230
856 _uhttp://www.taylorfrancis.com/books/9781003409427
942 _cEBOOK
999 _c1735350
_d1735350